Statistics for State Capitals as U.S. First Names

Click here to take the quiz!

General Stats

  • This quiz has been taken 69 times
  • The average score is 10 of 16

Answer Stats

# People% MaleState Capital% Correct
405,10399Austin
88%
249,314> 99Jackson
82%
395,0911Madison
75%
29,69661Phoenix
75%
15,266> 99Pierre
75%
4,35417Augusta
70%
75,17198Lincoln
70%
70,5364Cheyenne
67%
13,25982Denver
67%
24,549< 1Helena
67%
5,49046Salem
65%
8,98891Boston
52%
4,33191Montgomery
50%
7,30267Raleigh
50%
3,11467Charleston
48%
55,585> 99Trenton
47%

Score Distribution

Percentile by Number Answered

Percent of People with Each Score

Your Score History

You have not taken this quiz